000
00311nam a2200133Ia 4500
008
150301s2015 xx 000 0 und d
082
_a
615.7
_b
P11L
100
_a
LAE, PETER I.D
245
_a
PHARMACOKINETICE ANALYSIS
260
_b
TECHNOMCE PUB
300
_a
548
650
_a
PHARMACEUTICS
942
_2
ddc
_c
BK
999
_c
7341
_d
7341